[Event "Stay Safe Play From Home 325"]
[Site "Mustafa Kemal Atatürk"]
[Date "2020.07.23"]
[Round "8"]
[White "Mepe_Nika"]
[Black "Lamborghini"]
[Result "1-0"]
[WhiteElo "2370"]
[BlackElo "2264"]
[PlyCount "131"]
[EventDate "2020.07.23"]
[EventType "swiss (blitz)"]

1. d4 {[%emt 0:00:01]} Nf6 {[%emt 0:00:01]} 2. Bf4 {[%emt 0:00:01]} g6 {[%emt 0:00:00]} 3. e3 {[%emt 0:00:01]} Bg7 {[%emt 0:00:00]} 4. Nf3 {[%emt 0:00:00]} O-O {[%emt 0:00:00]} 5. h3 {[%emt 0:00:00]} d6 {[%emt 0:00:00]} 6. Be2 {[%emt 0:00:00]} Nbd7 {[%emt 0:00:00]} 7. O-O {[%emt 0:00:01]} c5 {[%emt 0:00:00]} 8. c3 {[%emt 0:00:01]} b6 {[%emt 0:00:00]} 9. Bh2 {[%emt 0:00:00]} Bb7 {[%emt 0:00:00]} 10. Nbd2 {[%emt 0:00:00]} Rc8 {[%emt 0:00:01]} 11. a4 {[%emt 0:00:00]} a6 {[%emt 0:00:01]} 12. b4 {[%emt 0:00:01]} cxb4 {[%emt 0:00:01]} 13. cxb4 {[%emt 0:00:00]} Nd5 {[%emt 0:00:01]} 14. Qb3 {[%emt 0:00:01]} Rc3 {[%emt 0:00:01]} 15. Qb2 {[%emt 0:00:01]} Qc7 {[%emt 0:00:01]} 16. Rfc1 {[%emt 0:00:01]} Rc8 {[%emt 0:00:01]} 17. Rxc3 {[%emt 0:00:02]} Qxc3 {[%emt 0:00:01]} 18. Qxc3 {[%emt 0:00:04]} Rxc3 {[%emt 0:00:01]} 19. Rb1 {[%emt 0:00:01]} Rc2 {[%emt 0:00:03]} 20. Kf1 {[%emt 0:00:02]} Nc3 {[%emt 0:00:02]} 21. Ra1 {[%emt 0:00:03]} Nf6 {[%emt 0:00:04]} 22. Bd3 {[%emt 0:00:01]} Rb2 {[%emt 0:00:02]} 23. b5 {[%emt 0:00:02]} axb5 {[%emt 0:00:03]} 24. axb5 {[%emt 0:00:00]} Bd5 {[%emt 0:00:02]} 25. Bc4 {[%emt 0:00:02]} Rb4 {[%emt 0:00:06]} 26. Bxd5 {[%emt 0:00:01]} Nfxd5 {[%emt 0:00:00]} 27. Ne1 {[%emt 0:00:04]} Rxb5 {[%emt 0:00:02]} 28. Nd3 {[%emt 0:00:01]} h5 {[%emt 0:00:01]} 29. g4 {[%emt 0:00:01]} hxg4 {[%emt 0:00:01]} 30. hxg4 {[%emt 0:00:00]} Nf6 {[%emt 0:00:01]} 31. Ra8+ {[%emt 0:00:01]} Kh7 {[%emt 0:00:01]} 32. Ra7 {[%emt 0:00:00]} Ng8 {[%emt 0:00:02]} 33. Rb7 {[%emt 0:00:01]} Nd5 {[%emt 0:00:02]} 34. Ke2 {[%emt 0:00:01]} Nc3+ {[%emt 0:00:01]} 35. Kf3 {[%emt 0:00:01]} Bf6 {[%emt 0:00:00]} 36. Ne4 {[%emt 0:00:02]} Nxe4 {[%emt 0:00:01]} 37. Kxe4 {[%emt 0:00:00]} Bh4 {[%emt 0:00:02]} 38. Bg3 {[%emt 0:00:03]} Nf6+ {[%emt 0:00:01]} 39. Kf3 {[%emt 0:00:01]} Bxg3 {[%emt 0:00:00]} 40. Kxg3 {[%emt 0:00:00]} Ng8 {[%emt 0:00:02]} 41. Nf4 {[%emt 0:00:01]} Kg7 {[%emt 0:00:01]} 42. e4 {[%emt 0:00:01]} Kf8 {[%emt 0:00:01]} 43. e5 {[%emt 0:00:01]} Rb3+ {[%emt 0:00:00]} 44. Kg2 {[%emt 0:00:01]} dxe5 {[%emt 0:00:00]} 45. dxe5 {[%emt 0:00:00]} Rb4 {[%emt 0:00:01]} 46. Nd5 {[%emt 0:00:01]} Rxg4+ {[%emt 0:00:01]} 47. Kf3 {[%emt 0:00:01]} Rd4 {[%emt 0:00:00]} 48. Nxb6 {[%emt 0:00:01]} Rd8 {[%emt 0:00:01]} 49. Nc4 {[%emt 0:00:02]} Kg7 {[%emt 0:00:00]} 50. e6 {[%emt 0:00:01]} f5 {[%emt 0:00:01]} 51. Ne5 {[%emt 0:00:01]} Kf6 {[%emt 0:00:00]} 52. Nc6 {[%emt 0:00:01]} Kxe6 {[%emt 0:00:01]} 53. Nxd8+ {[%emt 0:00:01]} Kf6 {[%emt 0:00:00]} 54. Nc6 {[%emt 0:00:00]} e5 {[%emt 0:00:00]} 55. Rb6 {[%emt 0:00:00]} Kg5 {[%emt 0:00:01]} 56. Kg2 {[%emt 0:00:00]} e4 {[%emt 0:00:00]} 57. Nb4 {[%emt 0:00:00]} Nh6 {[%emt 0:00:00]} 58. Nd5 {[%emt 0:00:00]} Ng4 {[%emt 0:00:00]} 59. Ne3 {[%emt 0:00:00]} Ne5 {[%emt 0:00:00]} 60. Nd5 {[%emt 0:00:01]} Nf3 {[%emt 0:00:00]} 61. Rb7 {[%emt 0:00:01]} Kg4 {[%emt 0:00:00]} 62. Kf1 {[%emt 0:00:01]} Ne1 {[%emt 0:00:00]} 63. Kxe1 {[%emt 0:00:01]} g5 {[%emt 0:00:01]} 64. Kf1 {[%emt 0:00:00]} f4 {[%emt 0:00:00]} 65. Rb3 {[%emt 0:00:00]} e3 {[%emt 0:00:00]} 66. Rxe3 {[%emt 0:00:00] Zeit (Lag: Av=0.41s, max=1.2s)} 1-0

[Event "Stay Safe Play From Home 325"]
[Site "Mustafa Kemal Atatürk"]
[Date "2020.07.23"]
[Round "8"]
[White "Stefanone"]
[Black "Trotsky"]
[Result "1-0"]
[WhiteElo "2045"]
[BlackElo "1610"]
[Annotator "NA"]
[PlyCount "43"]
[EventDate "2020.07.23"]
[EventType "swiss (blitz)"]

1. e4 {[%emt 0:00:01]} c5 {[%emt 0:00:01]} 2. d3 {[%emt 0:00:00]} e6 {[%emt 0:00:00]} 3. Nd2 {[%emt 0:00:00]} d5 {[%emt 0:00:01]} 4. Ngf3 {[%emt 0:00:00]} Nc6 {[%emt 0:00:01]} 5. Be2 {[%emt 0:00:01]} d4 {[%emt 0:00:01]} 6. O-O {[%emt 0:00:01]} Bd6 {[%emt 0:00:01]} 7. c3 {[%emt 0:00:00]} Qc7 {[%emt 0:00:01]} 8. g3 {[%emt 0:00:01]} Nf6 {[%emt 0:00:01]} 9. Nh4 {[%emt 0:00:01]} h5 {[%emt 0:00:01]} 10. f4 {[%emt 0:00:03]} Ng4 {[%emt 0:00:03]} 11. Bxg4 {[%emt 0:00:01]} hxg4 {[%emt 0:00:02]} 12. Qxg4 {[%emt 0:00:00]} Bd7 {[%emt 0:00:01]} 13. e5 {[%emt 0:00:01]} Nxe5 {[%emt 0:00:04]} 14. fxe5 {[%emt 0:00:01]} Bxe5 {[%emt 0:00:01]} 15. Ndf3 {[%emt 0:00:01]} Bd6 {[%emt 0:00:01]} 16. Bf4 {[%emt 0:00:01]} O-O-O {[%emt 0:00:01]} 17. Bxd6 {[%emt 0:00:01]} Qxd6 {[%emt 0:00:01]} 18. Rae1 {[%emt 0:00:00]} f5 {[%emt 0:00:01]} 19. Qf4 {[%emt 0:00:01]} Qe7 {[%emt 0:00:01]} 20. Ne5 {[%emt 0:00:01]} g5 {[%emt 0:00:03]} 21. Qf2 {[%emt 0:00:04]} g4 {[%emt 0:00:02]} 22. Nhg6 {[%emt 0:00:01] Trotsky Ñäàåòñÿ (Lag: Av=0.23s, max=0.6s)} 1-0

[Event "Stay Safe Play From Home 325"]
[Site "Mustafa Kemal Atatürk"]
[Date "2020.07.23"]
[Round "8"]
[White "Lazieri3"]
[Black "Broken sword"]
[Result "0-1"]
[WhiteElo "2035"]
[BlackElo "2493"]
[Annotator "TA"]
[PlyCount "136"]
[EventDate "2020.07.23"]
[EventType "swiss (blitz)"]

{[%evp 9,136,0,4,6,11,19,11,1,19,0,7,5,8,-24,-18,-19,31,-39,-34,-73,29,0,-9,-29,-36,-93,-89,-96,-95,-118,-114,-105,-31,-53,-44,-37,-22,-46,0,0,0,-35,-36,-41,-12,-78,-21,-10,-10,-103,-91,-103,-29,-40,238,233,357,-77,-86,-106,-50,-53,-34,-77,-77,-77,-77,-117,-77,-77,-77,-77,-77,-77,-77,-77,-51,-77,-42,-42,-42,-42,-39,-39,-39,-77,-77,-77,-42,-29979,-29980,-29980,-29981,-29981,-29982,-29982,-29982,-29982,-29983,-29983,-29984,-29984,-29985,-29985,-29986,-29986,-29987,-29987,-29988,-29988,-29988,-29988,-29989,-29989,-29990,-29990,-29991,-29992,-29993,-29993,-29993,-29993,-29993,-29993,-29993,-29993,-29993,-29993,-29994]} 1. e4 c5 2. Nc3 e6 3. d3 a6 4. Nf3 d5 5. exd5 exd5 6. d4 {[#] B40: Sicilian: 2...e6, Unusual lines.} cxd4 $146 ({Predecessor:} 6... c4 7. Be2 Nf6 8. O-O Be7 9. Bg5 O-O 10. b3 b5 11. bxc4 dxc4 12. Bxf6 Bxf6 {0-1 (39) Djokic,M-Kote,A (1135) Ohrid 2018}) 7. Nxd4 Nf6 8. Bf4 {The position is equal.} Be7 9. Bd3 O-O 10. O-O Nc6 11. Nf5 Bxf5 12. Bxf5 Qb6 13. b3 (13. Nxd5 $14 Nxd5 14. Qxd5) 13... Rad8 $15 14. Re1 Bd6 (14... Rfe8 $17) 15. Bxd6 (15. Bg5 $5 {[%cal Rg5f6]} Qd4 16. Ne2 Qxd1 17. Raxd1 $14) 15... Rxd6 16. Na4 Qc7 17. Nc5 ({White should play} 17. Nc3 $15) 17... g6 $17 18. Bd3 Nb4 $1 19. Na4 {[%cal Bc5a4,Ba4b2,Bb2d1][%mdl 32]} b5 20. Nb2 Kg7 (20... Rc6 $17 21. g3 Rd8) 21. a3 Nc6 22. Qd2 Rfd8 23. Nd1 Qa5 (23... Ne4 {is more complex.} 24. Qf4 Qa7 25. Qh4 f5 26. Ne3 Nd4) 24. Qxa5 Nxa5 25. Ne3 Nc6 26. h3 Nd4 27. Ng4 {[#]} (27. a4 $11 {remains equal.}) 27... Nxg4 (27... Ne4 $1 $17 {[%mdl 512]}) 28. hxg4 $11 Rc8 $36 {[%mdl 2048] Black has good play.} 29. Rac1 (29. Ra2 $11) 29... Rdc6 $17 {[%cal Rd4c2]} 30. a4 {[#]} Nxb3 (30... bxa4 $1 $17 31. bxa4 Nxc2) 31. Rb1 $11 bxa4 $2 {[%mdl 8192]} (31... Nd4 $15 {keeps the upper hand.} 32. axb5 axb5) 32. cxb3 $18 Rc3 (32... axb3 $142 33. Rxb3 a5) 33. bxa4 $2 (33. Bxa6 $18 Ra8 34. Bb7 {[%mdl 64] Double Attack}) 33... Rxd3 {[%mdl 4096] Endgame KRR-KRR} 34. Rb7 Rd4 (34... Rd2 $17 35. Ra7 Rcc2) 35. Ree7 $15 Rf8 ({Much worse is} 35... Rxg4 $6 36. Rxf7+ Kh6 37. f4 $14) 36. Rbd7 Rxa4 37. Rxd5 Rxg4 38. Ra5 Rf4 39. Rxa6 Rd8 {Threatens to win with ...Rd1+.} 40. g3 Rf5 {And now ...Rd1+ would win.} 41. Re2 Rd1+ 42. Kg2 Rd4 43. Ra3 Rd6 (43... g5 {looks sharper.} 44. Rb2 h5 45. Ra7 Rdd5 46. Rab7 Rd6) 44. Rf3 Rxf3 45. Kxf3 {KR-KR} Rf6+ 46. Kg2 h5 47. Re3 Re6 {White must now prevent ...Rxe3.} 48. Rf3 Re5 49. Re3 $2 {[%mdl 8192]} (49. Ra3 $15) 49... Rxe3 {Black mates.} 50. fxe3 {K3P-KPP} Kf6 51. Kf3 Ke5 52. e4 g5 53. Ke3 h4 54. gxh4 gxh4 {KPP-KP} 55. Kf3 h3 56. Kg3 Kxe4 57. Kxh3 {KP-K} Kf3 58. Kh2 f5 59. Kg1 Ke2 60. Kg2 {[#]} f4 $1 61. Kh3 f3 62. Kg4 f2 63. Kf4 f1=Q+ 64. Ke4 Qf3+ 65. Kd4 Kd2 66. Kc5 Qe4 67. Kd6 Qf5 68. Kc7 Qe6 {Never resign too early! Accuracy: White = 63%, Black = 67%.} 0-1

[Event "Stay Safe Play From Home 325"]
[Site "Mustafa Kemal Atatürk"]
[Date "2020.07.23"]
[Round "8"]
[White "SelamiSahin"]
[Black "AChessPlayer"]
[Result "0-1"]
[WhiteElo "1990"]
[BlackElo "2347"]
[PlyCount "88"]
[EventDate "2020.07.23"]
[EventType "swiss (blitz)"]

1. d4 {[%emt 0:00:01]} c6 {[%emt 0:00:00]} 2. Nf3 {[%emt 0:00:00]} d5 {[%emt 0:00:00]} 3. g3 {[%emt 0:00:00]} Nf6 {[%emt 0:00:00]} 4. Bg2 {[%emt 0:00:00]} Bf5 {[%emt 0:00:01]} 5. O-O {[%emt 0:00:00]} Nbd7 {[%emt 0:00:00]} 6. Ne5 {[%emt 0:00:01]} e6 {[%emt 0:00:01]} 7. Nxd7 {[%emt 0:00:01]} Qxd7 {[%emt 0:00:01]} 8. c4 {[%emt 0:00:00]} Be7 {[%emt 0:00:01]} 9. Nc3 {[%emt 0:00:00]} O-O {[%emt 0:00:01]} 10. e3 {[%emt 0:00:01]} Bg6 {[%emt 0:00:02]} 11. cxd5 {[%emt 0:00:01]} exd5 {[%emt 0:00:01]} 12. b3 {[%emt 0:00:01]} h5 {[%emt 0:00:01]} 13. h4 {[%emt 0:00:01]} Bf5 {[%emt 0:00:01]} 14. Bb2 {[%emt 0:00:01]} Bh3 {[%emt 0:00:01]} 15. Rc1 {[%emt 0:00:03]} Bxg2 {[%emt 0:00:01]} 16. Kxg2 {[%emt 0:00:01]} Bd6 {[%emt 0:00:00]} 17. Qf3 {[%emt 0:00:01]} Rfe8 {[%emt 0:00:01]} 18. a3 {[%emt 0:00:02]} Ng4 {[%emt 0:00:01]} 19. b4 {[%emt 0:00:01]} a6 {[%emt 0:00:01]} 20. Na4 {[%emt 0:00:01]} Rad8 {[%emt 0:00:01]} 21. Nc5 {[%emt 0:00:01]} Qc8 {[%emt 0:00:00]} 22. Rfe1 {[%emt 0:00:03]} g6 {[%emt 0:00:01]} 23. Rc2 {[%emt 0:00:01]} Kh7 {[%emt 0:00:03]} 24. Rcc1 {[%emt 0:00:01]} f5 {[%emt 0:00:01]} 25. Rc2 {[%emt 0:00:01]} Re7 {[%emt 0:00:00]} 26. Rcc1 {[%emt 0:00:01]} Rde8 {[%emt 0:00:00]} 27. Rc2 {[%emt 0:00:01]} Rf8 {[%emt 0:00:05]} 28. Rce2 {[%emt 0:00:01]} Qe8 {[%emt 0:00:03]} 29. Kg1 {[%emt 0:00:02]} Qf7 {[%emt 0:00:00]} 30. Kg2 {[%emt 0:00:01]} Nf6 {[%emt 0:00:01]} 31. Kg1 {[%emt 0:00:01]} Qg7 {[%emt 0:00:00]} 32. Kg2 {[%emt 0:00:01]} Ne4 {[%emt 0:00:00]} 33. Kg1 {[%emt 0:00:01]} Qh6 {[%emt 0:00:01]} 34. Kg2 {[%emt 0:00:01]} g5 {[%emt 0:00:00]} 35. hxg5 {[%emt 0:00:07]} Nxg5 {[%emt 0:00:00]} 36. Qf4 {[%emt 0:00:03]} Bxf4 {[%emt 0:00:01]} 37. exf4 {[%emt 0:00:00]} Ne4 {[%emt 0:00:00]} 38. f3 {[%emt 0:00:01]} Rg8 {[%emt 0:00:01]} 39. fxe4 {[%emt 0:00:01]} Qxf4 {[%emt 0:00:01]} 40. Re3 {[%emt 0:00:00]} fxe4 {[%emt 0:00:02]} 41. Kh2 {[%emt 0:00:02]} Qf2+ {[%emt 0:00:01]} 42. Kh3 {[%emt 0:00:00]} Reg7 {[%emt 0:00:01]} 43. R1e2 {[%emt 0:00:02]} Rxg3+ {[%emt 0:00:01]} 44. Rxg3 {[%emt 0:00:01]} Qxg3# {[%emt 0:00:00] (Lag: Av=0.62s, max=1.2s)} 0-1

[Event "Stay Safe Play From Home 325"]
[Site "Mustafa Kemal Atatürk"]
[Date "2020.07.23"]
[Round "8"]
[White "Greblha"]
[Black "Dj amir"]
[Result "0-1"]
[WhiteElo "1931"]
[BlackElo "2442"]
[Annotator "TA"]
[PlyCount "74"]
[EventDate "2020.07.23"]
[EventType "swiss (blitz)"]

{[%evp 9,74,-44,44,55,77,39,101,84,126,106,129,-197,-167,-206,-19,-21,-15,-23,-20,-23,-45,-39,-33,-29,-16,-18,-16,-38,0,-41,-41,-41,-41,-46,-44,-75,-23,-31,-19,-51,-31,-66,-25,-54,-33,-55,-54,-106,-104,-169,-172,-235,-209,-217,-230,-327,-333,-330,-328,-292,-245,-275,-249,-303,-237,-1364,-1348]} 1. e4 Nf6 2. Nc3 d5 3. exd5 Nxd5 4. Nxd5 Qxd5 5. Ne2 Qe5 ({Better is} 5... Bf5 $15) 6. d4 {[#] B02: Alekhine's Defence: Chase Variation and lines with early Nc3.} Qf6 $146 ({Predecessor:} 6... Qd6 7. Bf4 Qb4+ 8. c3 Qxb2 9. Ng3 Bg4 10. Rb1 Bxd1 11. Rxb2 Bg4 12. Bc4 Nc6 {1-0 (23) Berndt,G-Metze,J Sebnitz 2007}) 7. Be3 Nc6 (7... e5 $14) 8. Ng3 {White is better.} Be6 9. c4 O-O-O {[%cal Rc6d4] [#]} 10. b3 $2 {[%mdl 8192]} (10. d5 $1 $16) 10... Bf5 11. Rc1 e5 $2 (11... Nxd4 $19 12. Nxf5 Nxf5) 12. d5 $11 Bb4+ 13. Bd2 Bxd2+ 14. Qxd2 Nd4 15. Bd3 Bxd3 16. Qxd3 Qg6 $36 {[%mdl 2048] Black fights for an advantage.} 17. Qxg6 hxg6 18. O-O f6 19. Rfe1 c6 20. dxc6 bxc6 21. Ne4 g5 22. Nc5 {[#]} Rhe8 (22... g4 $1 $17) 23. h3 Kc7 24. Na4 a5 25. Nc3 Kb6 26. Ne4 Ne6 27. Rcd1 Kc7 28. c5 (28. f3 $15) 28... Rd5 $17 29. Nd6 (29. Rc1 $17) 29... Rd8 $19 {Threatens to win with ...Rxd1.} 30. Rxd5 (30. Ra1 {was called for.}) 30... cxd5 {[%mdl 4096] Endgame KRN-KRN} 31. Rc1 Kc6 32. Nf7 (32. Nf5 {was necessary.}) 32... Rd7 33. Nd6 Nxc5 34. Nf5 Kb6 35. Ne3 Nd3 36. Rc3 Nf4 {Strongly threatening ...Ne2+.} 37. g3 $2 (37. Rc8) 37... Ne2+ {[%mdl 64] Double Attack. Accuracy: White = 38%, Black = 62%.} 0-1

[Event "Stay Safe Play From Home 325"]
[Site "Mustafa Kemal Atatürk"]
[Date "2020.07.23"]
[Round "8"]
[White "Klausen"]
[Black "Mamba2001de"]
[Result "1-0"]
[WhiteElo "1775"]
[BlackElo "1446"]
[Annotator "NA"]
[PlyCount "61"]
[EventDate "2020.07.23"]
[EventType "swiss (blitz)"]

1. d4 {[%emt 0:00:01]} e6 {[%emt 0:00:01]} 2. Nf3 {[%emt 0:00:02]} d5 {[%emt 0:00:01]} 3. c4 {[%emt 0:00:01]} Nf6 {[%emt 0:00:01]} 4. Nc3 {[%emt 0:00:01]} Bd6 {[%emt 0:00:01]} 5. Bg5 {[%emt 0:00:01]} Be7 {[%emt 0:00:01]} 6. e3 {[%emt 0:00:02]} h6 {[%emt 0:00:01]} 7. Bh4 {[%emt 0:00:02]} O-O {[%emt 0:00:01]} 8. Bd3 {[%emt 0:00:02]} c5 {[%emt 0:00:02]} 9. cxd5 {[%emt 0:00:01]} exd5 {[%emt 0:00:01]} 10. O-O {[%emt 0:00:02]} Bg4 {[%emt 0:00:01]} 11. h3 {[%emt 0:00:02]} Bh5 {[%emt 0:00:01]} 12. g4 {[%emt 0:00:01]} Bg6 {[%emt 0:00:01]} 13. Bxg6 {[%emt 0:00:02]} fxg6 {[%emt 0:00:01]} 14. dxc5 {[%emt 0:00:01]} g5 {[%emt 0:00:01]} 15. Bg3 {[%emt 0:00:01]} Bxc5 {[%emt 0:00:01]} 16. Nd4 {[%emt 0:00:01]} Nc6 {[%emt 0:00:01]} 17. Ne6 {[%emt 0:00:02]} Qe7 {[%emt 0:00:04]} 18. Nxf8 {[%emt 0:00:01]} Rxf8 {[%emt 0:00:01]} 19. Nxd5 {[%emt 0:00:01]} Nxd5 {[%emt 0:00:01]} 20. Qxd5+ {[%emt 0:00:02]} Kh8 {[%emt 0:00:02]} 21. Rac1 {[%emt 0:00:01]} Bb4 {[%emt 0:00:04]} 22. a3 {[%emt 0:00:02]} Ba5 {[%emt 0:00:01]} 23. Bd6 {[%emt 0:00:01]} Qf6 {[%emt 0:00:06]} 24. Bxf8 {[%emt 0:00:03]} Qxf8 {[%emt 0:00:01]} 25. Rxc6 {[%emt 0:00:01]} bxc6 {[%emt 0:00:02]} 26. Qxa5 {[%emt 0:00:01]} Qf3 {[%emt 0:00:01]} 27. Qf5 {[%emt 0:00:02]} Qxh3 {[%emt 0:00:02]} 28. Rd1 {[%emt 0:00:01]} g6 {[%emt 0:00:10]} 29. Rd8+ {[%emt 0:00:02]} Kg7 {[%emt 0:00:02]} 30. Qf8+ {[%emt 0:00:01]} Kh7 {[%emt 0:00:05]} 31. Qf7# {[%emt 0:00:01] (Lag: Av=0.29s, max=0.8s)} 1-0

[Event "Stay Safe Play From Home 325"]
[Site "Mustafa Kemal Atatürk"]
[Date "2020.07.23"]
[Round "8"]
[White "Edmatuag"]
[Black "Mandy"]
[Result "1-0"]
[WhiteElo "1684"]
[BlackElo "871"]
[Annotator "NA"]
[PlyCount "27"]
[EventDate "2020.07.23"]
[EventType "swiss (blitz)"]

1. e4 {[%emt 0:00:01]} c6 {[%emt 0:00:02]} 2. Nf3 {[%emt 0:00:01]} d5 {[%emt 0:00:01]} 3. e5 {[%emt 0:00:01]} f6 {[%emt 0:00:04]} 4. d4 {[%emt 0:00:00]} fxe5 {[%emt 0:00:02]} 5. Nxe5 {[%emt 0:00:00]} Nf6 {[%emt 0:00:07]} 6. Bd3 {[%emt 0:00:01]} e6 {[%emt 0:00:06]} 7. Bg5 {[%emt 0:00:02]} Be7 {[%emt 0:00:05]} 8. Bxf6 {[%emt 0:00:01]} Bxf6 {[%emt 0:00:02]} 9. Qh5+ {[%emt 0:00:00]} Kf8 {[%emt 0:00:04]} 10. Ng6+ {[%emt 0:00:02]} Kg8 {[%emt 0:00:04]} 11. Nxh8 {[%emt 0:00:04]} Kxh8 {[%emt 0:00:03]} 12. Bxh7 {[%emt 0:00:01]} Qe8 {[%emt 0:00:02]} 13. Bg6+ {[%emt 0:00:01]} Kg8 {[%emt 0:00:08]} 14. Bxe8 {[%emt 0:00:01] Mandy gibt auf (Lag: Av=0.81s, max=1.5s)} 1-0

[Event "Stay Safe Play From Home 325"]
[Site "Mustafa Kemal Atatürk"]
[Date "2020.07.23"]
[Round "8"]
[White "Haris kollari 13"]
[Black "SoulofWolf"]
[Result "0-1"]
[WhiteElo "1601"]
[BlackElo "2096"]
[Annotator "NA"]
[PlyCount "52"]
[EventDate "2020.07.23"]
[EventType "swiss (blitz)"]

1. e4 {[%emt 0:00:01]} d5 {[%emt 0:00:00]} 2. exd5 {[%emt 0:00:02]} Nf6 {[%emt 0:00:00]} 3. c4 {[%emt 0:00:01]} c6 {[%emt 0:00:01]} 4. dxc6 {[%emt 0:00:01]} Nxc6 {[%emt 0:00:00]} 5. f4 {[%emt 0:00:02]} g6 {[%emt 0:00:00]} 6. Nf3 {[%emt 0:00:01]} Bg7 {[%emt 0:00:00]} 7. d4 {[%emt 0:00:01]} O-O {[%emt 0:00:00]} 8. Be3 {[%emt 0:00:01]} Bg4 {[%emt 0:00:02]} 9. Nc3 {[%emt 0:00:01]} h5 {[%emt 0:00:05]} 10. Be2 {[%emt 0:00:01]} a6 {[%emt 0:00:03]} 11. d5 {[%emt 0:00:01]} Na5 {[%emt 0:00:02]} 12. O-O {[%emt 0:00:04]} Rc8 {[%emt 0:00:01]} 13. b3 {[%emt 0:00:02]} Nd7 {[%emt 0:00:02]} 14. Rc1 {[%emt 0:00:01]} b5 {[%emt 0:00:04]} 15. Bd4 {[%emt 0:00:07]} Bxf3 {[%emt 0:00:08]} 16. Rxf3 {[%emt 0:00:05]} bxc4 {[%emt 0:00:01]} 17. Bxg7 {[%emt 0:00:06]} Kxg7 {[%emt 0:00:00]} 18. Qd4+ {[%emt 0:00:01]} Nf6 {[%emt 0:00:01]} 19. bxc4 {[%emt 0:00:02]} Nc6 {[%emt 0:00:02]} 20. Qe3 {[%emt 0:00:05]} Nb8 {[%emt 0:00:07]} 21. h3 {[%emt 0:00:02]} Nbd7 {[%emt 0:00:01]} 22. Qd4 {[%emt 0:00:02]} Nc5 {[%emt 0:00:01]} 23. Re1 {[%emt 0:00:03]} Ne6 {[%emt 0:00:01]} 24. Qd2 {[%emt 0:00:02]} Qb6+ {[%emt 0:00:01]} 25. Kh2 {[%emt 0:00:02]} Nd4 {[%emt 0:00:00]} 26. Rd3 {[%emt 0:00:03]} Nf5 {[%emt 0:00:02] Time (Lag: Av=0.37s, max=1.0s)} 0-1

[Event "Stay Safe Play From Home 325"]
[Site "Mustafa Kemal Atatürk"]
[Date "2020.07.23"]
[Round "8"]
[White "Meini"]
[Black "Klasman"]
[Result "1-0"]
[WhiteElo "1558"]
[BlackElo "1386"]
[Annotator "NA"]
[PlyCount "53"]
[EventDate "2020.07.23"]
[EventType "swiss (blitz)"]

1. d4 {[%emt 0:00:01]} f5 {[%emt 0:00:01]} 2. Bf4 {[%emt 0:00:01]} e6 {[%emt 0:00:03]} 3. e3 {[%emt 0:00:00]} c5 {[%emt 0:00:01]} 4. Nf3 {[%emt 0:00:00]} Qb6 {[%emt 0:00:02]} 5. b3 {[%emt 0:00:02]} cxd4 {[%emt 0:00:03]} 6. Qxd4 {[%emt 0:00:01]} Nc6 {[%emt 0:00:02]} 7. Qxb6 {[%emt 0:00:02]} axb6 {[%emt 0:00:02]} 8. Nbd2 {[%emt 0:00:00]} Bb4 {[%emt 0:00:02]} 9. Bd3 {[%emt 0:00:04]} Nf6 {[%emt 0:00:02]} 10. O-O {[%emt 0:00:01]} d5 {[%emt 0:00:02]} 11. c4 {[%emt 0:00:05]} O-O {[%emt 0:00:07]} 12. cxd5 {[%emt 0:00:02]} Nxd5 {[%emt 0:00:01]} 13. Bg3 {[%emt 0:00:03]} f4 {[%emt 0:00:03]} 14. exf4 {[%emt 0:00:02]} Nxf4 {[%emt 0:00:01]} 15. Bxf4 {[%emt 0:00:01]} Rxf4 {[%emt 0:00:02]} 16. Nc4 {[%emt 0:00:00]} Bc3 {[%emt 0:00:03]} 17. Rad1 {[%emt 0:00:02]} Rxa2 {[%emt 0:00:02]} 18. Nfe5 {[%emt 0:00:03]} Nxe5 {[%emt 0:00:02]} 19. Nxe5 {[%emt 0:00:01]} Bxe5 {[%emt 0:00:01]} 20. Bc4 {[%emt 0:00:00]} Kf7 {[%emt 0:00:03]} 21. g3 {[%emt 0:00:01]} Rf6 {[%emt 0:00:04]} 22. Rfe1 {[%emt 0:00:00]} Bxg3 {[%emt 0:00:06]} 23. hxg3 {[%emt 0:00:04]} Rfxf2 {[%emt 0:00:01]} 24. Bxe6+ {[%emt 0:00:02]} Bxe6 {[%emt 0:00:02]} 25. Rxe6 {[%emt 0:00:01]} Rg2+ {[%emt 0:00:01]} 26. Kf1 {[%emt 0:00:01]} Kxe6 {[%emt 0:00:01] '} 27. Re1+ {[%emt 0:00:02] (Lag: Av=0.48s, max=0.9s)} 1-0

[Event "Stay Safe Play From Home 325"]
[Site "Mustafa Kemal Atatürk"]
[Date "2020.07.23"]
[Round "9"]
[White "Dj amir"]
[Black "Klausen"]
[Result "1-0"]
[WhiteElo "2444"]
[BlackElo "1780"]
[Annotator "RC"]
[PlyCount "61"]
[EventDate "2020.07.23"]
[EventType "swiss (blitz)"]

1. d4 {[%emt 0:00:01]} e6 {[%emt 0:00:02]} 2. Nf3 {[%emt 0:00:01]} Nf6 {[%emt 0:00:02]} 3. Bg5 {[%emt 0:00:00]} d5 {[%emt 0:00:02]} 4. e3 {[%emt 0:00:00]} Be7 {[%emt 0:00:01]} 5. Bd3 {[%emt 0:00:00]} h6 {[%emt 0:00:01]} 6. Bh4 {[%emt 0:00:01]} Ne4 {[%emt 0:00:01]} 7. Bxe7 {[%emt 0:00:01]} Qxe7 {[%emt 0:00:01]} 8. O-O {[%emt 0:00:00]} f5 {[%emt 0:00:01]} 9. Ne5 {[%emt 0:00:01]} Qf6 {[%emt 0:00:02]} 10. Qh5+ {[%emt 0:00:02]} g6 {[%emt 0:00:07]} 11. Nxg6 {[%emt 0:00:01]} Rg8 {[%emt 0:00:03]} 12. Ne5+ {[%emt 0:00:03]} Ke7 {[%emt 0:00:01]} 13. Nc3 {[%emt 0:00:05]} c5 {[%emt 0:00:03]} 14. Rae1 {[%emt 0:00:04]} Rg5 {[%emt 0:00:02]} 15. Qh3 {[%emt 0:00:01]} Nc6 {[%emt 0:00:02]} 16. f3 {[%emt 0:00:05]} Nxc3 {[%emt 0:00:02]} 17. bxc3 {[%emt 0:00:01]} Nxe5 {[%emt 0:00:01]} 18. dxe5 {[%emt 0:00:01]} Qg7 {[%emt 0:00:01]} 19. f4 {[%emt 0:00:01]} Rg4 {[%emt 0:00:01]} 20. Be2 {[%emt 0:00:00]} Bd7 {[%emt 0:00:02]} 21. Bxg4 {[%emt 0:00:01]} fxg4 {[%emt 0:00:01]} 22. Qh4+ {[%emt 0:00:01]} Kf7 {[%emt 0:00:02]} 23. c4 {[%emt 0:00:00]} d4 {[%emt 0:00:02]} 24. exd4 {[%emt 0:00:01]} cxd4 {[%emt 0:00:01]} 25. Rb1 {[%emt 0:00:00]} Bc6 {[%emt 0:00:01]} 26. f5 {[%emt 0:00:00]} exf5 {[%emt 0:00:02]} 27. Rxf5+ {[%emt 0:00:01]} Kg8 {[%emt 0:00:00]} 28. e6 {[%emt 0:00:02]} Re8 {[%emt 0:00:02]} 29. Rf7 {[%emt 0:00:01]} Qg6 {[%emt 0:00:02]} 30. Re1 {[%emt 0:00:01]} Qxc2 {[%emt 0:00:02]} 31. Qxg4+ {[%emt 0:00:01] Zeit (Lag: Av=0.52s, max=0.8s)} 1-0